GTA SA Radio Stations Quiz - Statistics

General Stats
  • This quiz has been taken 203 times
  • The average score is 6 of 11
Answer Stats
Answer % Correct
K Rose
86%
Radio Los Santos
80%
K DST
71%
Radio X
70%
Bounce FM
56%
Playback FM
52%
WCTR
52%
SF UR
47%
Master Sounds
38%
CSR
34%
K JAH WEST
33%
No matching quizzes found
Score Distribution
Percent of People with Each Score
Percentile by Number Answered
Your Score History
You have not taken this quiz